2018 PDC Tour Card Holders - Statistics

General Stats
  • This quiz has been taken 11 times
  • The average score is 69 of 128
Answer Stats
Country Player % Correct
England Dave Chisnall
100%
England Michael Smith
100%
Netherlands Michael van Gerwen
100%
Scotland Peter Wright
100%
Netherlands Raymond van Barneveld
100%
England Ross Smith
100%
Australia Simon Whitlock
100%
England Stephen Bunting
100%
England Adrian Lewis
89%
Northern Ireland Brendan Dolan
89%
Northern Ireland Daryl Gurney
89%
Scotland Gary Anderson
89%
Wales Jamie Lewis
89%
Netherlands Jelle Klaasen
89%
Scotland John Henderson
89%
Canada John Part
89%
Belgium Kim Huybrechts
89%
Australia Kyle Anderson
89%
England Mervyn King
89%
England Rob Cross
89%
Belgium Ronny Huybrechts
89%
Netherlands Vincent van der Voort
89%
Spain Antonio Alcinas
78%
Netherlands Christian Kist
78%
England Darren Webster
78%
South Africa Devon Petersen
78%
Scotland Jim Brown
78%
England Keegan Brown
78%
Wales Mark Webster
78%
Australia Paul Nicholson
78%
Wales Richie Burnett
78%
Scotland Robert Thornton
78%
England Scott Taylor
78%
England Wayne Jones
78%
Australia Corey Cadby
67%
Spain Cristo Reyes
67%
Netherlands Danny Noppert
67%
Canada Dawson Murschell
67%
Belgium Dimitri van den Bergh
67%
Wales Gerwyn Price
67%
England Ian White
67%
England James Wade
67%
Canada John Norman
67%
Germany Martin Schindler
67%
Germany Max Hopp
67%
Austria Mensur Suljovic
67%
England Ronnie Baxter
67%
England Steve Beaton
67%
Republic of Ireland Steve Lennon
67%
Republic of Ireland William O'Connor
67%
Austria Zoran Lerchbacher
67%
England Alan Norris
56%
England Arron Monk
56%
Netherlands Benito van de Pas
56%
England Darren Johnson
56%
Netherlands Dirk van Duijvenbode
56%
England James Wilson
56%
Netherlands Jeffrey de Zwaan
56%
Netherlands Jermaine Wattimena
56%
Wales Jonny Clayton
56%
England Justin Pipe
56%
England Kevin Painter
56%
England Luke Humphries
56%
Latvia Madars Razma
56%
England Mark Wilson
56%
India Prakash Jiwa
56%
England Richard North
56%
Austira Rowby-John Rodriguez
56%
England Alan Tabern
44%
England Bradley Brooks
44%
England Chris Dobey
44%
Netherlands Jan Dekker
44%
England Joe Cullen
44%
England Joe Murnan
44%
Scotland John Goldie
44%
England Josh Payne
44%
England Mark Dudbridge
44%
England Matthew Edgar
44%
Northern Ireland Michael Mansell
44%
Republic of Ireland Mick McGowan
44%
England Nathan Aspinall
44%
England Ricky Evans
44%
England Ritchie Edhouse
44%
England Robbie Green
44%
Germany Robert Marijanovic
44%
Wales Robert Owen
44%
Netherlands Ron Meulenkamp
44%
England Stephen Burton
44%
England Steve West
44%
England Terry Jenkins
44%
Hong Kong Ting Chi Royden Lam
44%
Poland Tytus Kanik
44%
England Adam Hunt
33%
Belgium Davy van Baelen
33%
England Eddie Dootson
33%
Scotland Jamie Bain
33%
Netherlands Jeffrey de Graaf
33%
Northern Ireland Kevin Burness
33%
England Kirk Shepherd
33%
Netherlands Mario Robbe
33%
England Ryan Meikle
33%
England Ryan Searle
33%
Netherlands Vincent Kamphuis
33%
England Aden Kirk
22%
England Andrew Gilding
22%
England James Richardson
22%
England Jamie Caven
22%
Netherlands Jimmy Hendriks
22%
England Lee Bryant
22%
England Luke Woodhouse
22%
Germany Maik Langendorf
22%
England Peter Hudson
22%
England Ryan Harrington
22%
England Simon Stevenson
22%
England Steve Hine
22%
England Terry Temple
22%
England Chris Quantock
11%
Germany Gabriel Clements
11%
England George Killington
11%
Spain Jose Antonio Justicia Perales
11%
England Paul Rowley
11%
England Peter Jacques
11%
England Ross Twell
11%
England Ryan Joyce
11%
England Scott Darbyshire
11%
Netherlands Sven Groen
11%
England Gary Eastwood
0%
England Tony Newell
0%
No matching quizzes found
Score Distribution
Percent of People with Each Score
Percentile by Number Answered
Your Score History
You have not taken this quiz